00539cam a22002051 4500001001300000003000400013005001700017008004100034010001700075035002000092040001800112042001200130050001600142100001800158245003700176260006000213300001800273650002500291999001700316sa 65006612 DLC20260227112143.0880902s1961 io 000 0 ind  asa 65006612  a(OCoLC)23562397 aDLCcMiUdDLC apremarc00aHX402b.S421 aShahab, A. H.10aNasionalisme Indonesia & abad XX a[Djakarta,bJajasan Lembaga Penjelidikan Islam,c1961?] a32 p.c20 cm. 0aSocialismzIndonesia c64744d64744